Mulakhkhaṣāt al-mashrūʻāt al-baḥīthah al-madʻūmah, 1992-1995 /
Saved in:
| Corporate Author: | |
|---|---|
| Format: | Book |
| Language: | Arabic |
| Published: |
ʻAmmān :
al-Majlis,
1996.
|
| Subjects: | |
| Tags: |
Add Tag
No Tags, Be the first to tag this record!
|
| LEADER | 00935nam a2200265 a 4500 | ||
|---|---|---|---|
| 001 | 007730445-4 | ||
| 005 | 20020606104010.5 | ||
| 008 | 941103s1996 jo f000|0 ara d | ||
| 035 | 0 | |a ocm38765576 | |
| 041 | 0 | |a araeng | |
| 043 | |a a-jo--- | ||
| 245 | 0 | 0 | |a Mulakhkhaṣāt al-mashrūʻāt al-baḥīthah al-madʻūmah, 1992-1995 / |c al-Majlis al-Aʻlá lil-ʻUlūm wa-al-Tiknūlūjiyā. |
| 246 | 1 | 5 | |a Abstracts of financed research projects, 1992-1995 |
| 260 | |a ʻAmmān : |b al-Majlis, |c 1996. | ||
| 300 | |a 42, 40 p. ; |c 24 cm. | ||
| 546 | |a Arabic and English. | ||
| 610 | 2 | 0 | |a Majlis al-Aʻlá lil-ʻUlūm wa-al-Tiknūlūjiyā (Jordan) |
| 650 | 0 | |a Agriculture |x Research |z Jordan. | |
| 650 | 0 | |a Technology |x Research |z Jordan. | |
| 650 | 0 | |a Industries |x Research |z Jordan. | |
| 650 | 0 | |a Research |z Jordan. | |
| 710 | 2 | |a Majlis al-Aʻlá lil-ʻUlūm wa-al-Tiknūlūjiyā (Jordan) | |
| 752 | |a Jordan |d Amman. | ||
| 988 | |a 20020608 | ||
| 906 | |0 MH | ||


